Estudio comparativo de dos suelos de ladera del afluente de cabecera del arroyo Saladillo Dulce /

Guardado en:
Autor Principal: León, Rodrigo Pascual.
Autor Corporativo: Universidad Nacional del Sur. Departamento de Agronomía.
Otros Autores: Campo, Facundo.
Formato: Libro
Idioma:Spanish
Publicado: Bahía Blanca, 2014.
Etiquetas: Agregar Etiqueta
Sin Etiquetas, Sea el primero en etiquetar este registro!
LEADER 00771nam a22001695a 4500
001 EEA.libagro010337
005 20181011092152.0
008 140528s2014####ag############000#0#spa#d
082 0 4 |a 631.4782 
100 1 |a León, Rodrigo Pascual. 
245 1 0 |a Estudio comparativo de dos suelos de ladera del afluente de cabecera del arroyo Saladillo Dulce /  |c Rodrigo Pascual León, Facundo Campo. 
260 |a Bahía Blanca,  |c 2014. 
300 |a 59 h. [22] :  |b il. col., fot. col ;  |c 30 cm. 
500 |a Trabajo final (Técnico Superior Agrario en Suelos y Aguas) -- Universidad Nacional del Sur. Departamento de Agronomía, 2014. 
700 1 |a Campo, Facundo. 
710 2 |a Universidad Nacional del Sur.  |b Departamento de Agronomía. 
859 |a AR-BbBCA  |b BIB. AGRONOMIA  |h 631.4782  |i L579  |p 2015/6488